LEADER 00772nam0-22002891--450- 001 990008410710403321 005 20061102121216.0 035 $a000841071 035 $aFED01000841071 035 $a(Aleph)000841071FED01 035 $a000841071 100 $a20061102d1957----km-y0itay50------ba 101 0 $aeng 102 $aUS 105 $ay-------001yy 200 1 $a<>history of the dollar$fArthur Nussbaum 210 $aNew York$cColumbia University press$d1957 215 $aVIII, 308 p.$d20 cm 676 $a332.4973 700 1$aNussbaum,$bArthur$0128181 801 0$aIT$bUNINA$gRICA$2UNIMARC 901 $aBK 912 $a990008410710403321 952 $aXV M 548$b56052$fFGBC 959 $aFGBC 996 $aHistory of the dollar$951160 997 $aUNINA LEADER 01255cam0-22004331i-450- 001 990006675660403321 005 20130423113059.0 035 $a000667566 035 $aFED01000667566 035 $a(Aleph)000667566FED01 035 $a000667566 100 $a20010426d1990----km-y0itay50------ba 101 0 $aita 102 $aIT 105 $ay-------001yy 200 1 $aAutonomie locali e tributi$fGiuseppe Dallera, Marco Boccaccio e Guido Stazi 210 $aRoma$cFondazione Luigi Einaudi per studi di politica ed economia$d1990 215 $a185 p.$d21 cm 225 1 $aQuaderni$fFondazione Luigi Einaudi 610 0 $aTributi locali 676 $a336.014$v20$zita 700 1$aDallera,$bGiuseppe$0374741 701 1$aBoccaccio,$bMarco$f<1961- >$0374740 701 1$aStazi,$bGuido$0119211 801 0$aIT$bUNINA$gREICAT$2UNIMARC 901 $aBK 912 $a990006675660403321 952 $aXIV F 53$b19911*$fFGBC 952 $aXXVII 949$b1717$fDDCIC 952 $aN/2.4 DAL/N.A.$b10011$fSES 952 $aVIII C 68$b12156$fFSPBC 952 $aF 392$bs.i.$fDSS 959 $aFSPBC 959 $aDSS 959 $aSES 959 $aDDCIC 959 $aFGBC 996 $aAutonomie locali e tributi$9617679 997 $aUNINA